000 00495nam a22001817a 4500
008 180309b xxu||||| |||| 00| | tur d
020 _a9789755704531
041 _atur
050 _aPL248.A5435
100 _aAltun, Selçuk
_91039
245 _aKitap İçin 2 : [Aforizma, Alıntı, Kis(s)a]
250 _a1.Baskı
260 _aİstanbul
_bSel Yayıncılık
_cNisan 2010
300 _a276 Sayfa
500 _aSel Yayıncılık : 439
650 0 _9145
_aTürk Edebiyatı
942 _2lcc
_cBK
999 _c1974
_d1935